000 00256nam a2200097Ia 4500
001 910552
005 20250826185703.0
008 250824s9999 xx 000 0 und d
245 0 _aÖĞRETMENİN NOT DEFTERİ 2
_cVEHBİ VAKKASOĞLU
260 _bDESTEK YAYINLARI
999 _c910552
_d910552